Quizzes
Events
Quiz Creation
Community
Videos
Private Events
Remove Ads
Sign In
Join for FREE
Feedback
Dark Mode
Quiz Categories
Sports
Geography
Music
Movies
Television
Just For Fun
Miscellaneous
History
Literature
Language
Science
Gaming
Entertainment
Religion
Holiday
For Kids
Quiz Lab
Recent
Popular Today
Quiz Kudos Today
Editor Picks
Curator Picks
Quizzes by...
Day
Popularity
Type
Ratings
Length
Year
Community
Subscriptions
Recent Discussions
Orange Saloon
Badges
Playlists
Quests
Create
Leaderboards
Showdown
Live 5
Trivia Bingo
Activity
Puzzle Library
Sporcle Events
Private Events
Virtual Trivia
Globe League
Become a Host
Pub Owners
SporcleCon
Opinionation
Our Games
Videos
Blog
Mobile Apps
Partnerships
Remove Ads and Go Orange
Feedback
Miscellaneous
Crossword
General Knowledge
Baby Names
Logo
Food
Cars
Numbers
Grab Bag
University
College
Popular
Company
Slogans
Restaurants
Justice
Letter
Miscellaneous
Crossword
General Knowledge
Baby Names
Logo
Food
Cars
Numbers
Grab Bag
University
College
Popular
Company
Slogans
Restaurants
Justice
Letter
Random Quiz
Search Sporcle
×
Quiz Lab
Quiz Lab
Miscellaneous
Country
Type in answers that appear in a list
Type in answers that appear in a list
Classic
Best Score? Go Orange.
Most Valuable Banks 2014 Stats
Name the most valuable banks of 2014
By
quesera
10m
72 Questions
33 Plays
33 Plays
33 Plays
Comments
Comments
Give Quiz Kudos
Give Quiz Kudos
-
- Ratings
hide this ad
More Info
Replay
Link that replays current quiz
Next Quiz
Link to next quiz in quiz playlist
You Got
0%
They Got
Avg Score
30%
Avg Friend Score
Upgrade to see
Score Distribution
Jump to the score distribution portion of the page
Score
0/72
Timer
10:00
0
Plays Today
Country
Bank
% Correct
US
JP Morgan Chase & Co
81.8%
US
Bank of America
81.8%
UK
HSBC Holdings
75.8%
US
Citigroup Inc
75.8%
US
Wells Fargo & Co
72.7%
Spain
Banco Santander
69.7%
UK
Barclays Plc
66.7%
Germany
Deutsche Bank AG
66.7%
China
Bank of China
60.6%
France
BNP Paribas
60.6%
Canada
Royal Bank of Canada
57.6%
UK
Royal Bank of Scotland Group
54.5%
Switzerland
Credit Suisse Group
54.5%
UK
Lloyds Banking Group
51.5%
China
Industrial and Commercial Bank of China
48.5%
Canada
Toronto-Dominion Bank
48.5%
Japan
Mitsubishi UFJ Financial Group (MUFG)
45.5%
Switzerland
UBS AG
45.5%
Canada
Bank of Nova Scotia (Scotiabank)
45.5%
Spain
Banco Bilbao Vizcaya Argentaria (BBVA)
45.5%
US
Goldman Sachs Group
42.4%
China
Agricultural Bank of China
39.4%
US
Morgan Stanley
39.4%
US
PNC Financial Services
39.4%
Australia
Australia and New Zealand Banking (ANZ)
36.4%
US
US Bancorp
36.4%
France
Societe Generale
36.4%
Canada
Bank of Montreal (BMO)
36.4%
Brazil
Banco do Brasil
36.4%
China
China Construction Bank
33.3%
Italy
UniCredit SpA
33.3%
Germany
Commerzbank AG
33.3%
Ireland
Allied Irish Banks plc
30.3%
Australia
Westpac Banking Corporation
30.3%
Singapore
Development Bank of Singapore
30.3%
US
Capital One Financial Corp
27.3%
Country
Bank
% Correct
US
Bank of New York Mellon Corp
27.3%
France
Credit Agricole SA
27.3%
Canada
Canadian Imperial Bank of Commerce
27.3%
Australia
Commonwealth Bank of Australia
24.2%
UK
Standard Chartered
21.2%
Russia
Sberbank of Russia
21.2%
Denmark
Danske Bank A
21.2%
Italy
Intesa Sanpaolo
18.2%
Sweden
Swedbank
18.2%
Brazil
Banco Bradesco
15.2%
Japan
Mizuho Financial Group
15.2%
US
Charles Schwab Corp
15.2%
Australia
National Australia Bank
12.1%
China
Bank of Communications
12.1%
Singapore
United Overseas Bank
12.1%
Singapore
Oversea-Chinese Banking Corp
12.1%
Japan
Nomura Holdings, Inc.
12.1%
US
SunTrust Banks, Inc.
12.1%
Brazil
Banco Santander (Brasil)
12.1%
Brazil
Itau Unibanco
9.1%
Japan
Sumitomo Mitsui Financial
9.1%
US
State Street Corp
9.1%
India
State Bank of India
9.1%
Sweden
Nordea Bank
6.1%
Sweden
Svenska Handelsbanken AB
6.1%
Hong Kong
Hang Seng Bank
6.1%
China
Industrial Bank of China
6.1%
Korea
Shinhan Financial Group
6.1%
China
China Merchants Bank
3%
China
China Minsheng Banking Corp (CMBC)
3%
China
China Citic Bank
3%
India
HDFC Bank Limited
3%
Hong Kong
BOC Hong Kong
3%
China
Shanghai Pudong Development Bank
3%
Malaysia
Malayan Banking Berhad
3%
India
ICICI Bank Limited
3%
Quiz Playlist
Details
Report
Send in Message
Add To Playlist
More Info:
Biggest banks by market cap as of March 31 2014
Classic:
Type in answers that appear in a list
Quiz Source
Last Updated: Feb 16, 2017
Quiz Scoreboard
CHALLENGE
Sign Up to Join the Scoreboard
Show All
Scores
Hide
Comments
May contain spoilers
Recently Published
Presidents Visiting Landmarks
by Hejman
History
7m
An Introduction to Baseball
by treessimontrees
Sports
5m
Movies - When Are They Set?
by FPL_Elf
Movies
5m
More to Explore
Quiz From the Vault
Featured Blog Post
Where Did the Easter Bunny Come From?
hide this ad
You Might Also Like...
Tags
Country Quiz
2014
bank
biggest
cap
market
USD
Today's Top Quizzes in Miscellaneous
Browse Miscellaneous
hide this ad
Today's Top Quizzes in Country
Browse Country
Top Contributed Quizzes in Miscellaneous
1
5-to-1: Fast Food
2
The JOE quick-fire general knowledge quiz: Day 174
3
The JOE quick-fire general knowledge quiz: Day 173
4
5-to-1: Cocktails
5
The JOE quick-fire general knowledge quiz: Day 172
6
Sunday Crossword: Famous Bodies of Water
7
One Thing in Common: United Kingdom II
8
The JOE quick-fire general knowledge quiz: Day 171
9
Named After an Animal - Odd One Out!
10
The JOE quick-fire quiz: Day 170
Explore More
Trending Topics
NBA
Harry Potter
Disney
Kpop
Crossword
Anime
Marvel
NFL
Song
The Office
Soccer
WWE
Puzzle
Pokémon
Country
hide this ad
More By:
quesera
Quiz
Plays
Rating
Category
Featured
Created
Neighborhoods of Boston (map)
214
4.00
Geography
Apr 30, 2012
Boston Area Towns (map)
100
1.00
Geography
May 1, 2012
Islands of the Canadian Arctic (map)
92
5.00
Geography
Nov 29, 2014
US Senators, 2015
83
History
Dec 7, 2014
Main Bays of Maine
64
Geography
Dec 7, 2009
Go to Creator's Profile
Score Distribution
Quiz Creator Spotlight
quesera
Follow
Send a Message
Quizzes Created
-
Created Quiz Play Count
-
More By This Creator
Popular Quizzes Today
1
Find the US States - No Outlines Minefield
2
Find the Countries of Europe - No Outlines Minefield
3
The Countries of the World
4
Find the US States
5
Popular People in 1961
6
US States
7
Risky Map Clicking: Biggest States A-Z
8
Movies - When Are They Set?
More Miscellaneous Quizzes
15 Gluten-Free Halloween Treats
Editor's Pick
Trending Quizzes
Risky Map Clicking: Least Populous States A-Z
1-10 Letter G Words
1-10 Letter F Words
Risky Map Clicking: Next State Alphabetically
Risky Map Clicking: Biggest States A-Z
Recently Updated
Leaping Animals
pecheneg
Reality TV Shows (A-Z)
bhenderson79
Rickey Henderson's Hall of Fame Teammates
pecheneg
Champions League XIs: Arsenal
pecheneg
Quick Pick: Celebrities in WWE's Hall of Fame
aduchscher
A-Z Keypad Blitz II
pecheneg
Multiple Oscar Actors
pecheneg
Mystery Phrase Blitz: Oscar 'Best Actors'
pecheneg
F. Scott Fitzgerald Novels
LTH
Pick 3 Villains
ddd62291
Trending Topics
Marvel
Anime
NBA
Harry Potter
Crossword
Disney
Kpop
Country
The Office
Puzzle
NFL
WWE
Soccer
Pokémon
Song
Your Account Isn't Verified!
In order to create a playlist on Sporcle, you need to verify the email address you used during registration. Go to your
Sporcle Settings
to finish the process.
Report this User
Report this user for behavior that violates our
Community Guidelines
.
Details:
Send Report
Go to the Sporcle.com Mobile Site →
Comments